Des astres-Nekfeu-Paroles - Statistiques

Statistiques générales
  • Ce quiz a été pris 91 fois
  • Le résultat moyen est 297 sur 395
Statistiques - réponses
Réponse % Correct
le
96%
Le
96%
les
93%
Les
93%
à
91%
À
91%
de
91%
la
91%
La
91%
des
89%
es
89%
est
89%
Et
89%
et
89%
se
89%
as
87%
astres
87%
dans
85%
Dieu
85%
ma
85%
qu'on
85%
seuls
85%
me
83%
Peu
83%
réussite
83%
sait
83%
ta
83%
tu
83%
ciel
80%
d'hommes
80%
en
80%
J'attends
80%
seule
80%
un
80%
vérité
80%
yeux
80%
ce
78%
Comme
78%
comme
78%
faute
78%
fautifs
78%
il
78%
je
78%
Je
78%
mon
78%
repassent
78%
sincères
78%
âme
76%
Deux
76%
deux
76%
était
76%
l'un
76%
Mais
76%
notre
76%
par
76%
Qui
76%
qui
76%
soleil
76%
te
76%
ton
76%
âmes
74%
au
74%
Avant
74%
avant
74%
étoile
74%
face
74%
femme
74%
histoire
74%
jour
74%
l'autre
74%
l'éternité
74%
Mes
74%
mes
74%
monde
74%
peau
74%
Salomon
74%
ses
74%
son
74%
sur
74%
tout
74%
bleutée
72%
Elle
72%
miroirs
72%
Quand
72%
reflétant
72%
renfermant
72%
rose
72%
sœurs
72%
sont
72%
s'y
72%
trésor
72%
adorais
70%
couchant
70%
du
70%
étoiles
70%
laissé
70%
laisse
70%
l'envers
70%
lèvres
70%
lune
70%
l'une
70%
parti
70%
pas
70%
pieds
70%
plaques
70%
pleuvait
70%
sans
70%
s'éloignent
70%
semble
70%
suis
70%
Suspendu
70%
tourne
70%
trou
70%
une
70%
Une
70%
vu
70%
c'est
67%
d'espoir
67%
doigt
67%
d'rejoindre
67%
elles
67%
filante
67%
gravité
67%
l'aube
67%
lendemain
67%
moi
67%
nos
67%
pointer
67%
que
67%
renaître
67%
veux
67%
apesanteur
65%
cieux
65%
connaître
65%
dépression
65%
derrière
65%
d'laisser
65%
entre
65%
l'idée
65%
lumière
65%
noir
65%
précieuse
65%
relie
65%
tectoniques
65%
traits
65%
trouve
65%
visage
65%
après
63%
aussi
63%
Éclairé
63%
fait
63%
pensais
63%
pleure
63%
Symbole
63%
traînées
63%
image
61%
Nu
61%
Pour
61%
réponses
61%
songes
61%
t'achève
61%
Ah
59%
comète
59%
constellations
59%
dessiner
59%
exemples
59%
j'imagine
59%
méprendre
59%
ne
59%
questions
59%
seules
59%
explose
57%
J'suis
57%
manettes
57%
mère
57%
passionnément
57%
trafiqués
57%
vraies
57%
Comment
54%
embrasser
54%
m'aime
54%
manège
54%
ressemblent
54%
seulement
54%
cauchemar
52%
dis
52%
l'aide
52%
d'or
50%
mal-être
50%
m'attacher
50%
tête
50%
tient
50%
exponentielle
48%
frêles
48%
manière
48%
Marre
48%
vaut
48%
angoisses
46%
crois
46%
grandir
46%
pesant
46%
plans
46%
sens
46%
sous
46%
nuage
43%
démarre
41%
genoux
41%
obligé
41%
Embrassez
35%
cendres
33%
laisser
30%
méandres
26%
être
20%
Aucun quiz correspondant
Distribution des résultats
% des personnes avec chaque résultat
Percentile par nombre de réponses
Votre historique - résultats
Vous n’avez pas pris ce quiz